Bridging the culture gap (Record no. 108124)

MARC details
000 -LEADER
fixed length control field 01148cam a22002655a 4500
001 - CONTROL NUMBER
control field L143338
008 - FIXED-LENGTH DATA ELEMENTS--GENERAL INFORMATION
fixed length control field 080428s2008 xxkd f 000 0 eng d
022 1# - INTERNATIONAL STANDARD SERIAL NUMBER
International Standard Serial Number 9780749452742
035 ## - SYSTEM CONTROL NUMBER
System control number (Sirsi) u143338
041 0# - LANGUAGE CODE
Language code of text/sound track or separate title eng
050 04 - LIBRARY OF CONGRESS CALL NUMBER
Classification number 658.45 $2 18
100 1# - MAIN ENTRY--PERSONAL NAME
Personal name Carte, Penny
245 00 - TITLE STATEMENT
Title Bridging the culture gap
Remainder of title a practical guide to international business communication
250 ## - EDITION STATEMENT
Edition statement 2nd ed.
260 ## - PUBLICATION, DISTRIBUTION, ETC.
Place of publication, distribution, etc. London
Name of publisher, distributor, etc. Kogan Page
Date of publication, distribution, etc. 2008
300 ## - PHYSICAL DESCRIPTION
Extent xiv, 202p.
Other physical details ill.
Dimensions 24cm.
350 ## - PRICE (NR) (BK AM CF MU VM SE) [OBSOLETE]
Price 19.99
505 2# - FORMATTED CONTENTS NOTE
Formatted contents note Interpreting the party line -- Knowing your place -- Knowing the limits -- Knowing the form -- Making presentations -- Making deals -- Making yourself understood in English -- Knowing yourself -- Appendix: false friends
520 ## - SUMMARY, ETC.
Summary, etc. Guide to international business communications covers topics including: sensitivity to other cultures; avoiding hidden dangers and communicating with style. Includes various examples, cultural awareness scales and practical tips.
521 ## - TARGET AUDIENCE NOTE
Target audience note Advanced
651 #4 - SUBJECT ADDED ENTRY--GEOGRAPHIC NAME
Geographic name International
690 ## - LOCAL SUBJECT ADDED ENTRY--TOPICAL TERM (OCLC, RLIN)
Topical term or geographic name as entry element MANAGEMENT-BUSINESS MAANGEMENT-PROFESSIONAL PRACTICE
700 1# - ADDED ENTRY--PERSONAL NAME
Personal name Fox, Chris
942 ## - ADDED ENTRY ELEMENTS (KOHA)
Suppress in OPAC 0
Holdings
Withdrawn status Lost status Source of classification or shelving scheme Damaged status Not for loan Home library Current library Shelving location Date acquired Cost, normal purchase price Total Checkouts Full call number Barcode Date last seen Copy number Cost, replacement price Price effective from Koha item type
    Dewey Decimal Classification     London London Books 30/07/2008 19.99   658.45 CAR 30074924 06/08/2019 1 19.99 06/08/2019 Book